Přízrak Alexandra Wolfa /
Psychologický román s téměř detektivní zápletkou a existencialistickým vyzněním. Stylisticky vytříbená próza představitele ruského literárního exilu a představitele meziválečné "ztracené generace".
Uloženo v:
| Hlavní autor: | |
|---|---|
| Médium: | E-kniha |
| Jazyk: | Czech |
| Vydáno: |
V Praze :
Plus,
2013
|
| Vydání: | 1. vyd. |
| Edice: | Pestrá řada soudobé prózy
|
| Témata: | |
| Příbuzné jednotky: | Přeloženo z:
Prizrak Aleksandra Volfa |
| Tagy: |
Žádné tagy |
| LEADER | 02884nam a2200409 a 4500 | ||
|---|---|---|---|
| 001 | 310359 | ||
| 003 | CZ PrSKC | ||
| 005 | 20260601215647.0 | ||
| 007 | ta | ||
| 008 | 130218s2013 xr c g 000 f cze | ||
| 015 | |a cnb002442275 | ||
| 020 | |a 9788025901618 |q (váz.) | ||
| 035 | |a (OCoLC)862711818 | ||
| 040 | |a OLA001 |b cze | ||
| 041 | 1 | |a cze |h rus | |
| 072 | 7 | |a 821.161.1 |x Ruská literatura, rusky psaná |2 Konspekt | |
| 080 | |a 821.161.1-31 |2 MRF | ||
| 080 | |a (0:82-31) |2 MRF | ||
| 100 | 1 | |a Gazdanov, Gajto, |d 1903-1971 |7 jn20000400760 |4 aut | |
| 245 | 1 | 0 | |a Přízrak Alexandra Wolfa / |c Gaito Gazdanov ; přeložil Libor Dvořák |
| 250 | |a 1. vyd. | ||
| 260 | |a V Praze : |b Plus, |c 2013 | ||
| 300 | |a 198 s. : |b portréty ; |c 20 cm | ||
| 490 | 1 | |a Pestrá řada soudobé prózy ; |v sv. 4 | |
| 500 | |a Přeloženo z ruštiny | ||
| 520 | 2 | |a Psychologický román s téměř detektivní zápletkou a existencialistickým vyzněním. Stylisticky vytříbená próza představitele ruského literárního exilu a představitele meziválečné "ztracené generace". | |
| 520 | 2 | |a Život hlavního hrdiny je poznamenán trýznivým zážitkem z raného mládí. Jako šestnáctiletý voják se střetne s protivníkem, smrtelně jej postřelí a umírajícího zanechá jeho osudu. Vzpomínka na zabití člověka jej pronásleduje i o mnoho let později, kdy žije v Paříži a živí se jako novinář. Náhodou se mu dostane do ruky povídka, která do detailu vykresluje dávnou událost, ovšem z perspektivy domněle zavražděného nepřítele. Hrdina začíná po autorovi povídky pátrat a ještě netuší, že druhé setkání s Alexandrem Wolfem opět osudově zasáhne do jeho života... Gaito Gazdanov se účastnil jako mladík ruské občanské války, ve dvacátých letech 20. století emigroval do Paříže, kde vystřídal nejrůznější zaměstnání, teprve posléze se věnoval literární tvorbě. Román "Přízrak Alexandra Wolfa" nabízí pronikavý pohled do nitra hlavního hrdiny a vypravěče celého příběhu. Ačkoli se zpočátku "tváří" skoro jako detektivka, je spíše zamyšlením nad existenciálními tématy života, smrti, viny a trestu. | |
| 655 | 7 | |a ruské romány |7 fd133320 |2 czenas | |
| 655 | 9 | |a Russian fiction |2 eczenas | |
| 765 | 0 | |t Prizrak Aleksandra Volfa | |
| 830 | 0 | |a Pestrá řada soudobé prózy | |
| 900 | |a ABA001 |b 18 | ||
| 928 | 9 | |a Albatros Media - Plus | |
| 044 | |a xr | ||
| 910 | |a RBIT002 | ||
| 998 | |d 170204 |a https://core.palmknihy.cz/api/books/170204/cover?eo6dur |b https://core.palmknihy.cz/api/books/170204/cover/400?6b3cuv |c https://core.palmknihy.cz/api/books/170204/cover/50?wxjzy3 |e 2050-12-31 |g 200 |i 9788025901618 |j https://core.palmknihy.cz/api/books/170204/preview.epub |k https://core.palmknihy.cz/api/books/170204/preview.pdf |l |q 49 |r 1 |s https://www.palmknihy.cz/kniha/170204 |t ebook |y 1947 |z 0 | ||
| 999 | |d 310357 | ||